000 00234nam a22000857a 4500
008 161207b xxu||||| |||| 00| 0 eng d
100 _91883
_aOxford unoversity
245 _aOxford student ATLAS
260 _aNew delhi
_bOxford unoversity
_c2004
999 _c4636
_d4636